| 000 | 00892cam a22002651 4500 | ||
|---|---|---|---|
| 001 | 14744 | ||
| 003 | BD-RjUL | ||
| 005 | 20211208235701.0 | ||
| 008 | 140208s1955 okuab b 000 0 eng d | ||
| 035 | _a(BD-RjUL)14798 | ||
| 035 | _a(OCoLC)557738 | ||
| 040 |
_aDLC _cODaWU _dOCoLC _dUk _dDLC _dBD-RjUL _beng |
||
| 041 | _aeng | ||
| 082 |
_a333.76 _bHAA 1955 |
||
| 100 | 1 |
_aHaystead, Ladd, _d1903- _945933 |
|
| 245 | 1 | 4 |
_aThe agricultural regions of the United States / _c Ladd Haystead & Gilbert C. Fite. |
| 260 |
_aNorman : _bUniversity of Oklahoma Press, _cc1955 |
||
| 300 |
_axx, 288 p. : _billus., maps (part fold.) ; _c23 cm. |
||
| 504 | _a"Notes on sources and additional reading": p. 276-280. | ||
| 650 | 0 |
_aAgriculture _zUnited States. _945934 |
|
| 700 | 1 |
_aFite, Gilbert Courtland, _d1918- _ejoint author. _945935 |
|
| 942 |
_2ddc _cBK |
||
| 999 |
_c14744 _d14744 |
||